| 000 | 00429nam a2200157 a 4500 | ||
|---|---|---|---|
| 005 | 20140412111427.0 | ||
| 008 | 090709s19uu xx 00 eng d | ||
| 020 | _a0-439-32447-5 | ||
| 050 |
_aTR(PS E _bHu86 2002 |
||
| 100 | _aArnold, Tedd | ||
| 245 |
_aHuggly's Snow Day/ _cTedd Arnold. |
||
| 260 |
_aNew York : _bScholastic, _c2002. |
||
| 300 | _a1v. unp. | ||
| 440 | _aThe Monster under the bed storybook | ||
| 999 |
_c106255 _d106255 |
||